Vehicle routing systems and GIS (Record no. 116045)
[ view plain ]
| 000 -LEADER | |
|---|---|
| fixed length control field | 00920cam a22002175a 4500 |
| 001 - CONTROL NUMBER | |
| control field | L159609 |
| 008 - FIXED-LENGTH DATA ELEMENTS--GENERAL INFORMATION | |
| fixed length control field | 171116s191 xxk f 000 0 eng d |
| 020 ## - INTERNATIONAL STANDARD BOOK NUMBER | |
| International Standard Book Number | 1874059020 |
| 035 ## - SYSTEM CONTROL NUMBER | |
| System control number | (Sirsi) u159609 |
| 041 0# - LANGUAGE CODE | |
| Language code of text/sound track or separate title | eng |
| 100 1# - MAIN ENTRY--PERSONAL NAME | |
| Personal name | Smith, A |
| 245 00 - TITLE STATEMENT | |
| Title | Vehicle routing systems and GIS |
| 260 ## - PUBLICATION, DISTRIBUTION, ETC. | |
| Place of publication, distribution, etc. | London |
| Name of publisher, distributor, etc. | AGI |
| Date of publication, distribution, etc. | 1991 |
| 300 ## - PHYSICAL DESCRIPTION | |
| Extent | 18p ; 25 cm |
| 520 ## - SUMMARY, ETC. | |
| Summary, etc. | Reviews the current vehicle routing industry indicating how it involves GIS. Covers position finding options including dead reckoning, dead reckoning with map matching, radio signals, beacons and satellites. Looks at Geographic data including Ordnance Survey and OSCAR and The Automobile Association's AUTOMAPS. Concludes with a round up on current radio navigation systems, beacon navigation systems and satellite positioning systems. |
| 590 ## - LOCAL NOTE (RLIN) | |
| Local note | NTK |
| 650 24 - SUBJECT ADDED ENTRY--TOPICAL TERM | |
| Topical term or geographic name entry element | GIS |
| 651 #4 - SUBJECT ADDED ENTRY--GEOGRAPHIC NAME | |
| Geographic name | International |
| 690 ## - LOCAL SUBJECT ADDED ENTRY--TOPICAL TERM (OCLC, RLIN) | |
| Topical term or geographic name as entry element | Geomatics |
| 9 (RLIN) | 6242 |
| 942 ## - ADDED ENTRY ELEMENTS (KOHA) | |
| Suppress in OPAC | 0 |
| Withdrawn status | Lost status | Source of classification or shelving scheme | Damaged status | Not for loan | Home library | Current library | Shelving location | Date acquired | Total Checkouts | Full call number | Barcode | Date last seen | Copy number | Price effective from | Koha item type |
|---|---|---|---|---|---|---|---|---|---|---|---|---|---|---|---|
| Dewey Decimal Classification | London | London | Basement | 16/11/2017 | BASEMENT | 30025652 | 06/08/2019 | 1 | 06/08/2019 | Book |